vufinder Bibliothèque Municipale de Charleval de Provence
Se connecter

Artistes de nature

pratiquer le land art au fil des saisons

Book Cover
Auteur principal: Marc Pouyet
Support: Livres
Langue: Francais
Publié: 2006 Plume de carotte Toulouse
Genre: Documentaire
Sujets:
Étiquettes: Ajouter
Pas de Tags !

LEADER 00920nam0a2200205 450
001 16848268
010 |a 2-915810-10-9  |b Rel.  |d 29 € 
100 |a 20070209d2006 u u0frey01 ba 
101 0 |a fre 
102 |a FR 
200 0 |a Artistes de nature  |e pratiquer le land art au fil des saisons  |f Marc Pouyet 
207 1 |a   
210 |a Toulouse  |c Plume de carotte  |d 2006 
215 |a 137 p.  |c ill. en coul.  |d 31 x 28 cm 
300 |a Index 
330 |a Neige, glace, feuilles, fleurs, baies, tiges, bois, branches, boue, galet, sable... Des matériaux naturels qui peuvent servir de base, au fil des saisons, pour des réalisations simples et permettre à chacun de devenir créateur en quelques minutes au cours d'une promenade. 
700 0 |a Pouyet  |b Marc  |4 70 
900 |a Documentaire 
901 |a Accessible au prêt 
995 |a Bibliothèque  |c Bibliothèque  |f 00156007036122  |h 00156007036122  |k 709.04 POU  |o p  |q a  |r az  |e Bibliothèque 

Options de recherche

Historique de recherche
Recherche avancée

Trouver plus

Nouveautés

Besoin d'aide ?

Contacter un bibliothécaire